Cargando...
Kanchana Seetha /
| Autor principal: | |
|---|---|
| Formato: | Printed Book |
| Lenguaje: | Malayalam |
| Publicado: |
Kottayam :
Sahitya Pravarthaka Co-operative Society ,
1961.
|
| LEADER | 00578cam a2200181ua 4500 | ||
|---|---|---|---|
| 020 | |c 1.50 | ||
| 041 | |a mal | ||
| 082 | |a 894.8122 |b SRE/KA | ||
| 100 | |a Sreekandan nair, C.N . | ||
| 245 | |a Kanchana Seetha / |c C.N.Sreekandan nair. |h Textual Documents | ||
| 260 | |a Kottayam : |b Sahitya Pravarthaka Co-operative Society , |c 1961. | ||
| 300 | |a 133 ; . | ||
| 365 | |a 1.50 | ||
| 504 | |||
| 541 | |e 5586 |h 1.50 | ||
| 942 | |c BK | ||
| 999 | |c 29494 |d 29494 | ||
| 952 | |0 0 |1 0 |4 0 |6 894_812200000000000 |7 0 |9 38498 |a KAUAET |b KAUAET |d 2012-04-07 |m 0 |o 894.8122 |p KAU_KCAET-5586 |r 2012-04-07 |w 2012-04-07 |y BK | ||